000 00659nam a2200205 a 4500
001 000024647
005 20200930023303.0
008 110202s1986 dr 000 0 spa d
040 _aDO-SdBNP
_bspa
_cBNPHU
082 _a461.07
_bD542c
100 1 _aDíaz Castillo, Bienvenido
_922529
245 1 0 _aCurso básico de redacción let-012 /
_cBienvenido Díaz Castillo.
260 _aSanto Domingo :
_bUASD,
_c1986.
300 _a289 p. ;
_c23 cm.
500 _aIncluye datos biográficos del autor en la contraportada
650 4 _aEspañol
_xEnseñanza
_9406
650 4 _aEspañol
_xRetórica
_922530
650 4 _aEspañol
_xGramática
_93475
049 _aBNPD
999 _c24140
_d24140